Historia de la literatura española; con antología /
Guardado en:
| Autor Principal: | |
|---|---|
| Formato: | Libro |
| Publicado: |
Buenos Aires :
Kapelusz,
1957
|
| Edición: | 8a. ed. |
| Materias: | |
| Etiquetas: |
Agregar Etiqueta
Sin Etiquetas, Sea el primero en etiquetar este registro!
|
| LEADER | 00755nam a22002175a 4500 | ||
|---|---|---|---|
| 001 | CEM.cems002349 | ||
| 005 | 20060217000000.0 | ||
| 008 | 130507s1957##################000#0#####d | ||
| 003 | CEMS | ||
| 082 | 0 | 4 | |a 860.9 |
| 100 | 1 | |a Estrella Gutierrez, Fermín | |
| 245 | 1 | 0 | |a Historia de la literatura española; con antología / |c Fermín Estrella Gutierrez |
| 250 | |a 8a. ed. | ||
| 260 | |a Buenos Aires : |b Kapelusz, |c 1957 | ||
| 300 | |a 763 p. | ||
| 653 | |a Literatura | ||
| 653 | |a Literatura española | ||
| 653 | |a Literatura española-historia | ||
| 859 | |a CEMS |b BIB. CEMS - 11 de abril |h 860.9 |i Es81-2a8 |p 6024.77 |t Ej.1 | ||
| 859 | |a CEMS |b BIB. CEMS - 11 de abril |h 860.9 |i Es81-2a8 |p 6025.77 |t Ej.2 | ||
| 859 | |a CEMS |b BIB. CEMS - 11 de abril |h 860.9 |i Es81-2a8 |p 6026.77 |t Ej.3 | ||
